00456cam a22001572 4500001001100000005001700011008004100028020002200069040001500091100003900106245004800145250001300193260003800206300001900244650003500263000000748420151217154402.0080207s xx 000 0 eng d a042188410x :cKES aKABUcKABU1 aWallace, Rebecca M. M.@000015869510aInternational law /cRebecca M. M. Wallace. a5th ed. aLondon :bSweet & Maxwell,c2005. axxxix, 370 p. 0aInternational law.@0000158696